[Event "AUTO-MASTER-1615"]
[Site "http://www.queenalice.com/game.php?id=1042489"]
[Date "2012.3.25"]
[Round "1"]
[White "miltonloviski"]
[Black "AurelianoTomas"]
[Result "1-0"]
[WhiteElo "1775"]
[BlackElo "1627"]

1. e4 d5 2. exd5 Qxd5 3. Nc3 Qc5 4. d4 Qf5 5. Nf3 e6 6. Nb5 Bd6 7. c4 Qe4+ 8.
Be2 Nf6 9. c5 Be7 10. Nxc7+ Kd7 11. Nxa8 Nc6 12. O-O b6 13. cxb6 a5 14. Ne5+ Ke8
15. Bb5 Bb7 16. Re1 Qd5 17. Nc7+ Kd8 18. Nxf7+ Kc8 19. Nxd5 Rf8 20. Bxc6 Bxc6
21. Nxe7+ Kb7 22. Nxc6 Kxc6 23. Rxe6+ Kb7 24. Qf3+ Ka6 25. Nd6 Rb8 26. d5 Rxb6
27. Qd3+ Ka7 28. Nc8+ Kb7 29. Nxb6 Kc7 30. Bf4+ 1-0

[Event "AUTO-MASTER-1615"]
[Site "http://www.queenalice.com/game.php?id=1042490"]
[Date "2012.3.25"]
[Round "1"]
[White "AurelianoTomas"]
[Black "miltonloviski"]
[Result "0-1"]
[WhiteElo "1638"]
[BlackElo "1764"]

1. e4 e5 2. d4 exd4 3. Qxd4 Nc6 4. Qc4 Qf6 5. Be2 a6 6. c3 b6 7. Qd3 Bc5 8. Nf3
h6 9. O-O b5 10. b4 Bb6 11. Be3 Ba7 12. Bxa7 Rxa7 13. h3 Nxb4 14. Qd2 Nc6 15.
Na3 Bb7 16. Nh2 Nge7 17. Bg4 d6 18. Rfe1 Qg6 19. Qe3 Ra8 20. Rac1 Ne5 21. Nf3
Nxg4 22. hxg4 Qxg4 23. g3 h5 24. Kg2 O-O 25. Rh1 Ng6 26. Nd4 h4 27. Nf5 Qxe4+
28. f3 Qxf5 29. gxh4 Rfe8 30. Qd4 Bxf3+ 31. Kh2 Bxh1 0-1

[Event "AUTO-MASTER-1615"]
[Site "http://www.queenalice.com/game.php?id=1042497"]
[Date "2012.3.25"]
[Round "1"]
[White "miltonlovisk"]
[Black "AurelianoTomas"]
[Result "1-0"]
[WhiteElo "1973"]
[BlackElo "1641"]

1. e4 d5 2. exd5 Qxd5 3. Nf3 e5 4. Nc3 Qc5 5. a3 Bf5 6. b4 Qd6 7. Bb2 Be7 8. Nb5
Qf6 9. Bxe5 Qg6 10. Nxc7+ Kf8 11. Nxa8 Nc6 12. d3 f6 13. Bg3 Nh6 14. Nc7 Kf7 15.
Nd5 Bd8 16. h3 Rf8 17. Nf4 Re8+ 18. Be2 Bxd3 19. Nxg6 hxg6 20. Qxd3 Nf5 21. O-O
Bb6 22. Kh2 a5 23. Qd7+ Nfe7 24. Qxb7 Ba7 25. b5 Bd4 26. bxc6 g5 27. Nxd4 Kg6
28. Qd7 Kf7 29. Bd6 Kf8 30. Bh5 Ra8 31. Qxe7+ Kg8 32. Nf5 1-0

[Event "AUTO-MASTER-1615"]
[Site "http://www.queenalice.com/game.php?id=1042498"]
[Date "2012.3.25"]
[Round "1"]
[White "AurelianoTomas"]
[Black "miltonlovisk"]
[Result "0-1"]
[WhiteElo "1701"]
[BlackElo "1959"]

1. e4 e5 2. d4 exd4 3. Qxd4 Nc6 4. Qc4 h6 5. Nf3 d6 6. Bd3 Be6 7. Qc3 Nf6 8. O-O
d5 9. Be3 dxe4 10. Ne5 exd3 11. cxd3 Nxe5 12. Qxe5 Bd6 13. Qc3 O-O 14. d4 Nd5
15. Qd3 Nxe3 16. fxe3 c5 17. d5 Bxd5 18. Qxd5 Bxh2+ 19. Kxh2 Qxd5 20. Nc3 Qe5+
21. g3 Qxe3 22. Rfe1 Qd4 23. Re4 Qf2+ 24. Kh3 Qxb2 25. Rb1 Qxc3 26. Rxb7 Qd3 27.
Ree7 a5 28. Kh4 g5+ 29. Kg4 Qd1+ 30. Kf5 Qf3+ 31. Ke5 Qxg3+ 32. Kf5 Qf4# 0-1

[Event "Tournament"]
[Site "http://www.queenalice.com/game.php?id=1042770"]
[Date "2012.3.26"]
[Round "1"]
[White "Gabriel_HD"]
[Black "AurelianoTomas"]
[Result "1-0"]
[WhiteElo "1852"]
[BlackElo "1693"]

1. e4 d5 2. e5 d4 3. Nf3 Bf5 4. Bc4 e6 5. d3 Bc5 6. Bg5 Be7 7. Bxe7 Nxe7 8. O-O
O-O 9. Re1 Nbc6 10. Nbd2 a6 11. Ne4 b6 12. Nh4 Ng6 13. Nxf5 exf5 14. Ng3 Qg5 15.
Qf3 Ncxe5 16. Qd5 Ng4 17. Qxd4 Qh6 18. Nxf5 Qxh2+ 19. Kf1 Qh1+ 20. Ke2 Rae8+ 21.
Kd2 Qxe1+ 22. Rxe1 Nf6 23. Rh1 h6 24. g4 Kh7 25. g5 Ng8 26. Qxg7# 1-0

[Event "AUTO-ADV-2451"]
[Site "http://www.queenalice.com/game.php?id=1042794"]
[Date "2012.3.26"]
[Round "1"]
[White "carloswecker"]
[Black "AurelianoTomas"]
[Result "1-0"]
[WhiteElo "1939"]
[BlackElo "1882"]

1. d4 b5 2. e4 Bb7 3. Bd3 Nc6 4. Ne2 e5 5. d5 Nd4 6. Nxd4 exd4 7. Bxb5 a6 8. Bc4
Nf6 9. Bg5 h6 10. Bxf6 Qxf6 11. O-O Bd6 12. Nd2 Qf4 13. Nf3 g5 14. g3 Qg4 15.
Nxd4 Qh3 16. Qf3 f5 17. Qxf5 g4 18. Qg6+ Kd8 19. Qf6+ Be7 20. Qxh8+ Bf8 21.
Qxf8# 1-0

[Event "AUTO-ADV-2451"]
[Site "http://www.queenalice.com/game.php?id=1042795"]
[Date "2012.3.26"]
[Round "1"]
[White "AurelianoTomas"]
[Black "carloswecker"]
[Result "0-1"]
[WhiteElo "1841"]
[BlackElo "1974"]

1. e4 c5 2. d4 cxd4 3. Qxd4 Nc6 4. Qc4 e6 5. Bd3 Ne5 6. Qc3 Nxd3+ 7. Qxd3 Nf6 8.
Nc3 Be7 9. e5 Ng8 10. Nf3 d5 11. exd6 Qxd6 12. O-O Qxd3 13. cxd3 Nf6 14. Be3 O-O
15. Nb5 Nd5 16. Bxa7 Bd7 17. a4 Bxb5 18. axb5 b6 19. Ra6 Bd8 20. Ne5 Bc7 21. Rc1
Bxe5 22. b3 Bd4 23. Rc4 Rac8 24. Rxc8 Rxc8 25. h3 Be5 26. g3 Bd4 27. Kg2 g6 28.
h4 Rc2 29. Bb8 Rxf2+ 30. Kh3 h5 31. Ra8 Kh7 32. Bd6 Nf6 33. Bf4 Ng4 34. Ra2 Rxa2
35. b4 Rh2# 0-1

[Event "AUTO-ADV-2451"]
[Site "http://www.queenalice.com/game.php?id=1042806"]
[Date "2012.3.26"]
[Round "1"]
[White "shmurtz91"]
[Black "AurelianoTomas"]
[Result "1-0"]
[WhiteElo "2009"]
[BlackElo "1666"]

1. Nf3 c5 2. e4 Nc6 3. Bb5 Na5 4. d4 Qb6 5. c4 e6 6. Ne5 Nf6 7. Bg5 Nxe4 8. Be3
Be7 9. Qa4 O-O 10. O-O f6 11. Nxd7 Bxd7 12. Bxd7 Rad8 13. Bxe6+ Kh8 14. d5 Qxb2
15. Na3 b6 16. Nb5 a6 17. Rab1 Qe5 18. f4 Qh5 19. Nc7 Bd6 20. Nxa6 Qe2 21. Rfe1
Qh5 22. Rxb6 g5 23. Rxd6 Nxd6 24. Qxa5 Nxc4 25. Qxc5 Nb2 26. Nb4 Rb8 27. Bd4 Nd1
28. Qe7 Qg6 29. fxg5 Qxg5 30. Rf1 Ne3 31. Rf2 Ng4 32. Bxg4 Qxg4 33. Bxf6+ Kg8
34. Qe6+ Qxe6 35. dxe6 Rxb4 36. Rf3 Re8 37. e7 Re4 38. Rd3 1-0

[Event "AUTO-ADV-2451"]
[Site "http://www.queenalice.com/game.php?id=1042807"]
[Date "2012.3.26"]
[Round "1"]
[White "AurelianoTomas"]
[Black "shmurtz91"]
[Result "0-1"]
[WhiteElo "1673"]
[BlackElo "1958"]

1. e4 c6 2. d4 d6 3. c4 Nf6 4. Bd3 c5 5. d5 e6 6. Nf3 g6 7. O-O Bg7 8. Ng5 h6 9.
Nf3 Nbd7 10. Bf4 Qb6 11. Qd2 Nxe4 12. Bxe4 Bxb2 13. Nc3 Bxa1 14. Rxa1 Nf6 15.
Bd3 e5 16. Bg3 Bg4 17. Rb1 Qc7 18. Nb5 Qe7 19. Ne1 O-O 20. h3 Bd7 21. Nc7 Rab8
22. Nc2 e4 23. Be2 g5 24. Qc3 Nh5 25. Bxh5 f5 26. Bh2 f4 27. Re1 Bf5 28. Nb5 a6
29. Nba3 b5 30. f3 b4 31. Qa1 e3 32. g4 fxg3 33. Bxg3 e2 34. Qc1 bxa3 35. Nxa3
Bxh3 36. Qd2 Rbe8 37. Bxe8 Rxe8 38. Nc2 h5 39. Bh2 g4 40. f4 h4 41. f5 g3 42.
Qf4 gxh2+ 0-1

[Event "AUTO-ADV-2451"]
[Site "http://www.queenalice.com/game.php?id=1042812"]
[Date "2012.3.26"]
[Round "1"]
[White "Blutigeroo"]
[Black "AurelianoTomas"]
[Result "1-0"]
[WhiteElo "1800"]
[BlackElo "1611"]

1. b3 b5 2. Bb2 b4 3. e4 e5 4. Bxe5 d6 5. Bb2 Be6 6. g3 Nf6 7. Bg2 Be7 8. Nf3
O-O 9. O-O c5 10. Re1 h6 11. d4 d5 12. Nbd2 Nc6 13. e5 Nh5 14. c3 a5 15. a3 c4
16. bxc4 dxc4 17. axb4 Bg5 18. Ne4 Be7 19. Qa4 Bd7 20. Qd1 a4 21. d5 Na7 22. d6
Bg5 23. h4 Qc8 24. hxg5 Bg4 25. Qxa4 Bh3 26. gxh6 gxh6 27. b5 Qd7 28. Nc5 Qg4
29. Re4 Qg6 30. Qxc4 Be6 31. Nxe6 Qxe6 32. Qxe6 fxe6 33. Rea4 Ng7 34. Rxa7 Rab8
35. c4 Nf5 36. Nd4 Ng7 37. Ra8 Rbd8 38. Rxd8 Rxd8 39. Ra8 Rxa8 40. Bxa8 Kf7 41.
b6 Ne8 42. b7 Kg6 43. b8=Q Ng7 44. d7 Kg5 45. d8=Q+ 1-0

[Event "AUTO-ADV-2451"]
[Site "http://www.queenalice.com/game.php?id=1042813"]
[Date "2012.3.26"]
[Round "1"]
[White "AurelianoTomas"]
[Black "Blutigeroo"]
[Result "0-1"]
[WhiteElo "1728"]
[BlackElo "1756"]

1. e4 e5 2. d4 exd4 3. Qxd4 Nc6 4. Qc4 d6 5. Nf3 Be6 6. Qd3 Be7 7. Be2 Nf6 8.
Bf4 O-O 9. Nbd2 Rc8 10. c4 b6 11. O-O Na5 12. h3 c6 13. b3 d5 14. Ne5 Bb4 15.
Ndf3 dxe4 16. Qc2 exf3 17. Bxf3 b5 18. c5 Qe7 19. Qe2 Bxc5 20. Bh5 Nd5 21. Qf3
g6 22. Bg4 f5 23. Bg5 Qg7 24. Bf4 g5 25. Bh2 fxg4 26. Qe2 gxh3 27. g3 Bd4 28.
Ng4 Rce8 29. Rad1 Nc3 30. Qc2 Nxd1 31. Qxd1 Bd5 32. Re1 h5 33. Ne3 h4 34. g4 Qf7
35. Nf5 Rxe1+ 36. Qxe1 Qe6 37. Qxa5 Qe2 38. Ne7+ Kh7 39. Nxd5 Qxf2+ 40. Kh1 Qf3#
0-1

[Event "AUTO-MASTER-1616"]
[Site "http://www.queenalice.com/game.php?id=1042846"]
[Date "2012.3.26"]
[Round "1"]
[White "Giant"]
[Black "AurelianoTomas"]
[Result "1-0"]
[WhiteElo "2301"]
[BlackElo "1617"]

1. e4 e5 2. Nf3 Nc6 3. Bb5 Bc5 4. O-O Nd4 5. Bc4 d6 6. Nxd4 exd4 7. d3 Be6 8.
Bxe6 fxe6 9. Nd2 Nf6 10. f4 O-O 11. a4 a5 12. Nb3 g6 13. f5 exf5 14. Bh6 Rf7 15.
e5 Ng4 16. e6 Qh4 17. exf7+ 1-0

[Event "AUTO-MASTER-1616"]
[Site "http://www.queenalice.com/game.php?id=1042847"]
[Date "2012.3.26"]
[Round "1"]
[White "AurelianoTomas"]
[Black "Giant"]
[Result "0-1"]
[WhiteElo "1615"]
[BlackElo "2302"]

1. e4 e5 2. d4 exd4 3. Qxd4 Nf6 4. Qe5+ Be7 5. Bd3 O-O 6. Qg3 d6 7. e5 dxe5 8.
Bh6 Ng4 9. Bd2 Bh4 10. Qf3 e4 11. Bxe4 Nxf2 12. Nc3 Nxe4+ 13. g3 Qxd2+ 14. Kf1
Nxc3 15. bxc3 Bg5 16. Ne2 Bh3+ 17. Kf2 Nc6 0-1

[Event "AUTO-MASTER-1616"]
[Site "http://www.queenalice.com/game.php?id=1042860"]
[Date "2012.3.26"]
[Round "1"]
[White "AurelianoTomas"]
[Black "marolideus"]
[Result "0-1"]
[WhiteElo "1861"]
[BlackElo "2232"]

1. e4 c5 2. c4 Nc6 3. Nf3 e6 4. Bd3 Nf6 5. O-O Nb4 6. Be2 Nxe4 7. d3 Nf6 8. Bf4
d5 9. b3 Bd6 10. Be5 Nc6 11. Bxf6 Qxf6 12. Nbd2 O-O 13. Nh4 Qxh4 14. g3 Qf6 15.
a3 b6 16. Bg4 Bb7 17. Nf3 Rad8 18. Qd2 Na5 19. d4 Nxb3 20. Qd3 dxc4 21. Qb1 Bxf3
22. Bxf3 Qxf3 23. Ra2 Nxd4 24. Qe1 c3 25. h4 Qd5 26. Ra1 Nf3+ 27. Kh1 Nxe1+ 28.
Kh2 Qg2# 0-1

[Event "AUTO-MASTER-1616"]
[Site "http://www.queenalice.com/game.php?id=1042861"]
[Date "2012.3.26"]
[Round "1"]
[White "marolideus"]
[Black "AurelianoTomas"]
[Result "1-0"]
[WhiteElo "2214"]
[BlackElo "1898"]

1. e4 d5 2. exd5 Qxd5 3. Nc3 Qc5 4. d4 Qf5 5. Bd3 Qa5 6. Nf3 Nf6 7. O-O b5 8.
Ne5 Bg4 9. Nxg4 Nh5 10. Ne5 g6 11. Qf3 Bg7 12. Qxf7+ Kd8 13. Qd5+ Kc8 14. Qe6+
Kd8 15. Nf7+ Ke8 16. Bxb5+ c6 17. Nd6+ Kd8 18. Qc8# 1-0

[Event "AUTO-MASTER-1616"]
[Site "http://www.queenalice.com/game.php?id=1042862"]
[Date "2012.3.26"]
[Round "1"]
[White "AurelianoTomas"]
[Black "ocarrasco"]
[Result "0-1"]
[WhiteElo "1567"]
[BlackElo "2053"]

1. e4 d6 2. d4 Nf6 3. Nc3 g6 4. Bf4 c6 5. Bd3 Bg7 6. Nf3 O-O 7. O-O Bg4 8. h3
Bxf3 9. Qxf3 Qb6 10. d5 Qxb2 11. Rab1 Qxc3 12. Rxb7 cxd5 13. exd5 Nbd7 14. Rb3
Qc5 15. c4 Nb6 16. Rc1 Rac8 17. g3 Nh5 18. Bg5 Nf6 0-1

[Event "AUTO-MASTER-1616"]
[Site "http://www.queenalice.com/game.php?id=1042863"]
[Date "2012.3.26"]
[Round "1"]
[White "ocarrasco"]
[Black "AurelianoTomas"]
[Result "1-0"]
[WhiteElo "2055"]
[BlackElo "1565"]

1. e4 d5 2. exd5 Qxd5 3. Nc3 Qc5 4. d4 Qd6 5. Nf3 Bf5 6. g3 Nf6 7. Bg2 Qe6+ 8.
Ne5 c6 9. O-O Bh3 10. b3 g6 11. Bb2 Bg7 12. Re1 O-O 13. Nxg6 Qf5 14. Nxe7+ Kh8
15. Nxf5 Bxf5 16. d5 Nbd7 17. dxc6 bxc6 18. Ne4 a5 19. Nxf6 1-0

[Event "sorim-2"]
[Site "http://www.queenalice.com/game.php?id=1043489"]
[Date "2012.3.28"]
[Round "1"]
[White "gdifazzolo"]
[Black "AurelianoTomas"]
[Result "0-1"]
[WhiteElo "769"]
[BlackElo "1766"]

1. d4 d5 2. e4 dxe4 3. d5 Bf5 4. Qh5 g6 5. Qe2 Qxd5 6. Bf4 Qc5 7. a4 a5 8. Ra3
Bg7 9. g4 Bd7 10. Rh3 Bxb2 11. Rd3 Nf6 12. c4 Bxg4 13. Bxc7 Qb4+ 14. Kd1 Bxe2+
15. Kc2 Bxf1 16. Re3 Bd4 17. Rxe4 Qb2+ 18. Kd1 Qxb1+ 19. Kd2 Nxe4# 0-1

[Event "Challenge"]
[Site "http://www.queenalice.com/game.php?id=1044497"]
[Date "2012.3.31"]
[Round "-"]
[White "rodrigochess"]
[Black "AurelianoTomas"]
[Result "0-1"]
[WhiteElo "1180"]
[BlackElo "1768"]

1. e4 d5 2. Nc3 d4 3. Nce2 e5 4. Nf3 Bd6 5. c3 d3 6. Ned4 exd4 7. Bxd3 Be6 8.
cxd4 Ne7 9. O-O O-O 10. b3 c5 11. Re1 Qa5 12. e5 Bc7 13. a3 Nbc6 14. Qe2 Rad8
15. Qe4 Bf5 16. Qe2 Bg4 17. h3 Be6 18. Bc2 b5 19. Ng5 Nxd4 20. Qd1 Bf5 21. Bxf5
Nexf5 22. f4 Qb6 23. Bb2 Nc6 24. Qh5 c4+ 25. d4 cxd3+ 26. Kh1 Ng3+ 27. Kh2 Nxh5
28. Bc1 Qf2 29. Be3 Qg3+ 30. Kg1 d2 31. Bxd2 Rxd2 32. Re2 Rxe2 33. Re1 Rxe1# 0-1

[Event "Jogo #2"]
[Site "http://www.queenalice.com/game.php?id=1044498"]
[Date "2012.3.31"]
[Round "-"]
[White "AurelianoTomas"]
[Black "Vinicius92"]
[Result "0-1"]
[WhiteElo "1664"]
[BlackElo "1867"]

1. e4 e5 2. d4 exd4 3. Qxd4 c5 4. Qe5+ Qe7 5. Qf4 g6 6. Be3 Bg7 7. Bc4 Bxb2 8.
Nd2 Bxa1 9. Ne2 h5 10. O-O Be5 11. Qf3 d5 12. exd5 Bg4 13. Qe4 Bf5 14. Qf3 Nf6
15. Bg5 Bxc2 16. d6 Qxd6 17. Qxb7 Qc6 18. Qxf7+ Kd8 19. Nf4 Nd7 20. Bxf6+ Bxf6
21. Ne6+ Kc8 22. Nf4 Rf8 23. Qxg6 Bxg6 24. Nxg6 Rg8 25. Bxg8 Kc7 26. Bc4 Rd8 27.
Nb3 Qe4 28. Bf7 Rb8 29. h3 c4 30. Nd2 Qc2 31. Nxc4 Qxa2 32. Rc1 Kd8 33. Nd6 Qd2
34. Nc4 Qxc1+ 35. Kh2 Rb2 36. Kg3 Qh1 0-1

[Event "Jogo #1"]
[Site "http://www.queenalice.com/game.php?id=1044499"]
[Date "2012.3.31"]
[Round "-"]
[White "Vinicius92"]
[Black "AurelianoTomas"]
[Result "1-0"]
[WhiteElo "1870"]
[BlackElo "1713"]

1. d4 d5 2. Nc3 Nf6 3. Bg5 Nh5 4. e4 g6 5. Nxd5 Be6 6. Nf4 Bg7 7. Nxh5 gxh5 8.
c3 Bf6 9. Bxf6 exf6 10. Qxh5 Qd7 11. h3 b6 12. Bd3 Qd6 13. Nf3 Nd7 14. d5 Bxd5
15. exd5 O-O-O 16. O-O Qf4 17. Qxf7 Nc5 18. Bxh7 Rhf8 19. Qg6 Nd3 20. Qxd3 f5
21. Rae1 Qh6 22. Re7 Qf6 23. Qa6+ Kb8 24. Re5 Qh6 25. Nd4 Ka8 26. Nc6 Qxc6 27.
dxc6 Rb8 28. Bxf5 Rf6 29. Bd7 Rd6 30. Re8 Rf6 31. Rxb8+ Kxb8 32. Qb7# 1-0

[Event "Challenge"]
[Site "http://www.queenalice.com/game.php?id=1045096"]
[Date "2012.4.2"]
[Round "-"]
[White "AurelianoTomas"]
[Black "thiagobrumchess"]
[Result "0-1"]
[WhiteElo "1603"]
[BlackElo "1786"]

1. e4 Nc6 2. Nc3 Nf6 3. Bd3 e5 4. Nf3 Bc5 5. O-O O-O 6. Bb5 Nd4 7. Nxe5 d6 8.
Nd3 Bb4 9. Ne2 Nxe2+ 10. Qxe2 c6 11. Ba4 b5 12. Bb3 Ba5 13. a4 a6 14. Nf4 Re8
15. d3 d5 16. Qf3 dxe4 17. dxe4 Nxe4 18. Be3 Bd2 19. Nh5 Bxe3 20. fxe3 Nf6 21.
Nf4 Be6 22. Qxc6 Bxb3 23. cxb3 Ng4 24. h3 Nxe3 0-1